<?xml version="1.0" encoding="UTF-8"?>
<record
    xmlns:xsi="http://www.w3.org/2001/XMLSchema-instance"
    xsi:schemaLocation="http://www.loc.gov/MARC21/slim http://www.loc.gov/standards/marcxml/schema/MARC21slim.xsd"
    xmlns="http://www.loc.gov/MARC21/slim">

  <leader>00627nam a22001937a 4500</leader>
  <controlfield tag="003">OSt</controlfield>
  <controlfield tag="005">20151016133001.0</controlfield>
  <controlfield tag="008">130509s2004    sp ||||| |||| 00| 0 cat d</controlfield>
  <datafield tag="020" ind1=" " ind2=" ">
    <subfield code="a">8473069080</subfield>
  </datafield>
  <datafield tag="040" ind1=" " ind2=" ">
    <subfield code="c">CDMR</subfield>
  </datafield>
  <datafield tag="245" ind1="0" ind2="3">
    <subfield code="a">El dibuix a Catalunya</subfield>
    <subfield code="b">: 100 dibuixants que cal con&#xE8;ixer</subfield>
    <subfield code="c">direcci&#xF3; Josep M. Cadena ; redacci&#xF3; Santi Barjau ... [et al.]</subfield>
  </datafield>
  <datafield tag="260" ind1=" " ind2=" ">
    <subfield code="a">Barcelona</subfield>
    <subfield code="b">P&#xF2;rtic</subfield>
    <subfield code="c">2004</subfield>
  </datafield>
  <datafield tag="300" ind1=" " ind2=" ">
    <subfield code="a">100 p.</subfield>
    <subfield code="b">il.</subfield>
  </datafield>
  <datafield tag="490" ind1="0" ind2=" ">
    <subfield code="a">P&#xF2;rtic ACCAT</subfield>
  </datafield>
  <datafield tag="650" ind1="0" ind2="4">
    <subfield code="9">3384</subfield>
    <subfield code="a">Dibuixants</subfield>
    <subfield code="z">Catalunya</subfield>
  </datafield>
  <datafield tag="700" ind1="1" ind2=" ">
    <subfield code="9">2992</subfield>
    <subfield code="a">Cadena, Josep M.</subfield>
    <subfield code="d">1935-</subfield>
    <subfield code="q">(Josep Maria)</subfield>
    <subfield code="e">dir.</subfield>
  </datafield>
  <datafield tag="710" ind1="2" ind2=" ">
    <subfield code="9">3385</subfield>
    <subfield code="a">Associaci&#xF3; Con&#xE8;ixer Catalunya</subfield>
  </datafield>
  <datafield tag="942" ind1=" " ind2=" ">
    <subfield code="2">udc</subfield>
    <subfield code="c">MON</subfield>
  </datafield>
  <datafield tag="999" ind1=" " ind2=" ">
    <subfield code="c">6207</subfield>
    <subfield code="d">6207</subfield>
  </datafield>
  <datafield tag="952" ind1=" " ind2=" ">
    <subfield code="0">0</subfield>
    <subfield code="1">0</subfield>
    <subfield code="4">0</subfield>
    <subfield code="7">0</subfield>
    <subfield code="a">CDMR</subfield>
    <subfield code="b">CDMR</subfield>
    <subfield code="d">2013-01-16</subfield>
    <subfield code="l">0</subfield>
    <subfield code="o">Ag</subfield>
    <subfield code="p">CDMR13056361</subfield>
    <subfield code="r">2013-05-09</subfield>
    <subfield code="w">2013-05-09</subfield>
    <subfield code="y">MON</subfield>
  </datafield>
</record>
